000 00954nam0a22002651 4500
001 rc\214416
005 20250620234415.0
010 _a5-7350-0040-3
_915000
035 _a(NLR Aleph) 005463461
090 _a4977754
_c4977754
100 _a20030307d1994 |||y0rusy50 ca
101 0 _arus
102 _aRU
105 _ay |||||||||
200 1 _aДието- и фитотерапия при болезнях органов пищеварения
_fО.Г. Яковлев, Е.И. Курочкин, П.В. Спирина
210 _aСамара
_cСамар. Дом печати
_d1994
215 _a75 с.
_d20
700 1 _aЯковлев
_bО.Г.
_f1952-
_gОлег Григорьевич
701 1 _aКурочкин
_bЕ.И.
_gЕвгений Иванович
701 1 _aСпирина
_bП.В.
_gПолина Васильевна
801 0 _aRU
_bNLR
_gpsbo
801 1 _aRU
_bELAR
_2rusmarc
852 _aNLR
_j94-4/2278
942 _cBOOK
980 _aNB